[Event "NDVM 2019 U14w"]
[Site "?"]
[Date "2019.09.13"]
[Round "4.10"]
[White "Schmidt, Luise"]
[Black "Gehrke, Gina Celina"]
[Result "1/2-1/2"]
[BlackElo "1543"]
[WhiteElo "1219"]
[LiveChessVersion "1.4.8"]

1. e4 {[%clk 1:30:57]} c5 {[%clk 1:30:56]} 2. Nf3 {[%clk 1:30:56]} g6
{[%clk 1:31:18]} 3. Nc3 {[%clk 1:30:51]} Bg7 {[%clk 1:31:35]} 4. d3
{[%clk 1:31:03]} Nc6 {[%clk 1:31:54]} 5. g3 {[%clk 1:30:44]} e6 {[%clk 1:31:43]}
6. Bg2 {[%clk 1:29:43]} Nge7 {[%clk 1:31:41]} 7. O-O {[%clk 1:28:25]} O-O
{[%clk 1:31:55]} 8. Bd2 {[%clk 1:24:31]} d5 {[%clk 1:31:53]} 9. exd5
{[%clk 1:24:19]} exd5 {[%clk 1:31:59]} 10. Qc1 {[%clk 1:23:19]} Be6
{[%clk 1:30:39]} 11. Bh6 {[%clk 1:22:16]} Re8 {[%clk 1:30:05]} 12. Bxg7
{[%clk 1:20:40]} Kxg7 {[%clk 1:30:28]} 13. Re1 {[%clk 1:18:24]} a6
{[%clk 1:29:24]} 14. a4 {[%clk 1:14:50]} Qc7 {[%clk 1:28:50]} 15. Qd2
{[%clk 1:10:40]} Rad8 {[%clk 1:27:39]} 16. b3 {[%clk 1:09:10]} b5
{[%clk 1:27:18]} 17. axb5 {[%clk 1:07:49]} axb5 {[%clk 1:27:32]} 18. Qc1
{[%clk 0:50:58]} Qb6 {[%clk 1:26:15]} 19. Qb2 {[%clk 0:46:14]} Kg8
{[%clk 1:26:16]} 20. Ne2 {[%clk 0:39:38]} c4 {[%clk 1:20:02]} 21. bxc4
{[%clk 0:32:37]} dxc4 {[%clk 1:20:16]} 22. dxc4 {[%clk 0:29:03]} Bxc4
{[%clk 1:20:22]} 23. Nf4 {[%clk 0:27:09]} Nd5 {[%clk 1:15:35]} 24. Nxd5
{[%clk 0:27:13]} Bxd5 {[%clk 1:15:25]} 25. Rac1 {[%clk 0:23:33]} Bxf3
{[%clk 1:09:25]} 26. Rxe8+ {[%clk 0:22:03]} Rxe8 {[%clk 1:09:42]} 27. Bxf3
{[%clk 0:22:29]} Nd4 {[%clk 1:09:30]} 28. Qc3 {[%clk 0:16:50]} Nxf3+
{[%clk 1:05:57]} 29. Qxf3 {[%clk 0:16:45]} Qa5 {[%clk 1:05:03]} 30. c3
{[%clk 0:15:27]} Rc8 {[%clk 1:04:40]} 31. Qe3 {[%clk 0:13:21]} b4
{[%clk 1:03:15]} 32. cxb4 {[%clk 0:12:37]} Rxc1+ {[%clk 1:03:23]} 33. Qxc1
{[%clk 0:12:51]} Qxb4 {[%clk 1:03:45]} 34. Kg2 {[%clk 0:12:42]} Qd4
{[%clk 1:02:38]} 35. Qe3 {[%clk 0:12:22]} Qa1 36. h4 Qf6 {[%clk 1:00:31]} 37. Kh3
{[%clk 0:11:49]} Kg7 {[%clk 1:00:33]} 38. f3 {[%clk 0:11:42]} h6 {[%clk 1:00:23]}
39. g4 {[%clk 0:11:57]} Qe6 {[%clk 0:59:56]} 40. Qf4 {[%clk 0:11:07]} h5
{[%clk 0:59:25]} 41. Qg5 {[%clk 0:09:47]} f6 {[%clk 0:52:47]} 42. Qf4
{[%clk 0:09:45]} Qe5 {[%clk 0:43:47]} 43. Qb4 {[%clk 0:09:26]} hxg4+
{[%clk 0:39:52]} 44. fxg4 {[%clk 0:08:54]} Kf7 {[%clk 0:34:53]} 45. Qb7+
{[%clk 0:09:02]} Qe7 {[%clk 0:35:03]} 46. Qd5+ {[%clk 0:09:21]} Kg7
{[%clk 0:35:23]} 47. h5 {[%clk 0:09:31]} Qe3+ {[%clk 0:34:53]} 48. Kh2
{[%clk 0:09:45]} Qf2+ 49. Kh3 Qf1+ {[%clk 0:33:58]} 50. Kh2 {[%clk 0:10:02]} gxh5
{[%clk 0:33:42]} 51. Qd7+ {[%clk 0:10:14]} Kg6 {[%clk 0:33:29]} 52. Qe8+
{[%clk 0:09:55]} Kg7 {[%clk 0:32:35]} 53. Qd7+ {[%clk 0:10:11]} Kh6
{[%clk 0:32:42]} 54. Qd2+ {[%clk 0:10:08]} Kg6 {[%clk 0:32:44]} 55. gxh5+
{[%clk 0:08:21]} Kxh5 {[%clk 0:32:55]} 56. Qd5+ {[%clk 0:08:39]} Kg4
{[%clk 0:31:40]} 57. Qd7+ {[%clk 0:08:35]} Qf5 {[%clk 0:30:43]} 58. Qd1+
{[%clk 0:08:47]} Qf3 {[%clk 0:30:19]} 59. Qd7+ {[%clk 0:09:00]} f5
{[%clk 0:30:33]} 60. Qg7+ {[%clk 0:09:23]} Kf4 {[%clk 0:29:53]} 61. Qd4+
{[%clk 0:09:28]} Qe4 {[%clk 0:30:04]} 62. Qf2+ {[%clk 0:09:52]} Kg5
{[%clk 0:29:57]} 63. Qg1+ {[%clk 0:09:51]} Qg4 {[%clk 0:30:13]} 64. Qxg4+
{[%clk 0:07:52]} Kxg4 {[%clk 0:30:18]} 65. Kg2 {[%clk 0:08:16]} f4
{[%clk 0:28:39]} 66. Kf2 {[%clk 0:08:05]} f3 {[%clk 0:27:20]} 67. Kf1
{[%clk 0:08:28]} Kg3 {[%clk 0:24:06]} 68. Kg1 {[%clk 0:08:48]} Kg4
{[%clk 0:24:00]} 69. Kf1 {[%clk 0:08:00]} Kf4 {[%clk 0:24:17]} 70. Kf2
{[%clk 0:08:12]} 1/2-1/2

[Event "NDVM 2019 U14w"]
[Site "?"]
[Date "2019.09.13"]
[Round "4.11"]
[White "Liu, Shandy"]
[Black "Bauer, Sophia"]
[Result "1/2-1/2"]
[BlackElo "980"]
[WhiteElo "929"]
[LiveChessVersion "1.4.8"]

1. e4 {[%clk 1:30:59]} e5 {[%clk 1:30:55]} 2. Nf3 {[%clk 1:31:25]} Nc6
{[%clk 1:31:21]} 3. Bc4 {[%clk 1:31:47]} Nf6 {[%clk 1:31:40]} 4. Nc3
{[%clk 1:31:40]} Bc5 {[%clk 1:32:02]} 5. d3 {[%clk 1:31:57]} h6 {[%clk 1:32:26]}
6. Be3 {[%clk 1:32:18]} Bxe3 {[%clk 1:32:48]} 7. fxe3 {[%clk 1:32:34]} O-O
{[%clk 1:33:08]} 8. d4 {[%clk 1:32:00]} exd4 {[%clk 1:33:12]} 9. exd4
{[%clk 1:32:21]} d6 {[%clk 1:33:15]} 10. O-O {[%clk 1:29:00]} Bg4
{[%clk 1:33:27]} 11. Be2 {[%clk 1:28:03]} d5 {[%clk 1:32:21]} 12. e5
{[%clk 1:26:41]} Ne4 {[%clk 1:31:55]} 13. Qe1 {[%clk 1:20:01]} Bxf3
{[%clk 1:31:58]} 14. Bxf3 {[%clk 1:18:49]} Nxd4 {[%clk 1:31:58]} 15. Qd1
{[%clk 1:12:44]} Nxf3+ {[%clk 1:31:55]} 16. Rxf3 {[%clk 1:11:10]} Nxc3 17. Rxc3
{[%clk 1:11:24]} d4 {[%clk 1:30:35]} 18. Rd3 {[%clk 1:08:38]} c5 {[%clk 1:30:02]}
19. c3 {[%clk 1:07:50]} Qh4 {[%clk 1:29:49]} 20. cxd4 {[%clk 1:06:47]} cxd4
{[%clk 1:28:16]} 21. Rxd4 {[%clk 1:07:02]} Qe7 {[%clk 1:27:31]} 22. Re4
{[%clk 1:04:03]} Rad8 {[%clk 1:26:56]} 23. Qe2 {[%clk 1:00:33]} Rfe8
{[%clk 1:26:09]} 24. Rd1 {[%clk 0:57:14]} Rxd1+ {[%clk 1:25:56]} 25. Qxd1
{[%clk 0:57:33]} Qc5+ {[%clk 1:25:46]} 26. Qd4 {[%clk 0:56:26]} Qxd4+
{[%clk 1:26:00]} 27. Rxd4 {[%clk 0:56:54]} Rxe5 {[%clk 1:26:08]} 28. Rd7
{[%clk 0:57:18]} Rb5 {[%clk 1:26:23]} 29. b3 {[%clk 0:57:27]} a5 {[%clk 1:26:42]}
30. Kf2 {[%clk 0:56:49]} Rf5+ {[%clk 1:26:53]} 31. Kg3 {[%clk 0:57:06]} b5
{[%clk 1:26:58]} 32. Ra7 {[%clk 0:56:09]} b4 {[%clk 1:26:47]} 33. Ra8+
{[%clk 0:55:28]} Kh7 {[%clk 1:27:04]} 34. Kg4 {[%clk 0:53:56]} Rg5+
{[%clk 1:27:15]} 35. Kf3 {[%clk 0:53:58]} Rc5 {[%clk 1:26:56]} 36. Ra7
{[%clk 0:53:12]} f6 {[%clk 1:26:57]} 37. h3 {[%clk 0:53:02]} Rc3+
{[%clk 1:27:00]} 38. Kg4 {[%clk 0:52:15]} Rc2 {[%clk 1:26:33]} 39. Rxa5
{[%clk 0:51:03]} Rxg2+ {[%clk 1:26:53]} 40. Kf4 {[%clk 0:50:50]} Rf2+
{[%clk 1:26:16]} 41. Ke4 {[%clk 0:50:55]} f5+ {[%clk 1:26:02]} 42. Rxf5
{[%clk 0:50:01]} Rxa2 {[%clk 1:26:14]} 43. Rb5 {[%clk 0:49:43]} Re2+
{[%clk 1:26:18]} 44. Kd4 {[%clk 0:48:52]} Rd2+ {[%clk 1:26:23]} 45. Kc4
{[%clk 0:48:57]} Rc2+ {[%clk 1:26:47]} 46. Kxb4 {[%clk 0:49:13]} Re2
{[%clk 1:26:58]} 47. Rc5 {[%clk 0:49:01]} Re4+ {[%clk 1:27:15]} 48. Rc4
{[%clk 0:49:03]} Re3 {[%clk 1:26:55]} 49. Rc3 {[%clk 0:49:25]} Re7
{[%clk 1:27:12]} 50. Kc5 {[%clk 0:49:38]} g5 {[%clk 1:27:26]} 51. b4
{[%clk 0:49:57]} Rc7+ {[%clk 1:27:42]} 52. Kd4 {[%clk 0:50:18]} Rb7
{[%clk 1:27:42]} 53. Rb3 {[%clk 0:50:32]} h5 {[%clk 1:28:05]} 54. Kc5
{[%clk 0:50:39]} g4 {[%clk 1:28:27]} 55. hxg4 {[%clk 0:50:59]} hxg4
{[%clk 1:28:51]} 56. b5 {[%clk 0:51:22]} Rg7 {[%clk 1:28:38]} 57. b6
{[%clk 0:50:47]} g3 {[%clk 1:29:01]} 58. Rb1 {[%clk 0:50:17]} Rg5+
{[%clk 1:29:19]} 59. Kc6 {[%clk 0:50:33]} Rg6+ {[%clk 1:29:41]} 60. Kb7
{[%clk 0:50:48]} Rg7+ {[%clk 1:30:02]} 61. Ka6 {[%clk 0:50:53]} g2
{[%clk 1:30:21]} 62. Rg1 {[%clk 0:51:13]} Rg3 {[%clk 1:30:18]} 63. b7
{[%clk 0:50:58]} Ra3+ {[%clk 1:30:41]} 64. Kb6 {[%clk 0:51:24]} Rb3+
{[%clk 1:31:06]} 65. Kc7 {[%clk 0:51:45]} Rc3+ {[%clk 1:31:29]} 66. Kb8
{[%clk 0:52:02]} Rg3 {[%clk 1:31:41]} 67. Ka7 {[%clk 0:51:58]} Ra3+
{[%clk 1:32:02]} 68. Kb6 {[%clk 0:52:21]} Rb3+ {[%clk 1:32:26]} 69. Kc7
{[%clk 0:52:48]} Rc3+ {[%clk 1:32:37]} 70. Kb6 {[%clk 0:53:02]} Rb3+
{[%clk 1:33:00]} 71. Ka7 {[%clk 0:53:26]} Ra3+ {[%clk 1:33:27]} 72. Kb6
{[%clk 0:53:49]} Rb3+ {[%clk 1:33:21]} 73. Kc7 {[%clk 0:54:08]} Rc3+
{[%clk 1:33:09]} 74. Kb6 {[%clk 0:54:10]} 1/2-1/2

[Event "NDVM 2019 U14w"]
[Site "?"]
[Date "2019.09.13"]
[Round "4.12"]
[White "Grigoryan, Nare"]
[Black "Kahlaee Semnani, Barin"]
[Result "1-0"]
[BlackElo "780"]
[WhiteElo "827"]
[LiveChessVersion "1.4.8"]

1. e4 {[%clk 1:30:58]} e5 {[%clk 1:30:58]} 2. Nf3 {[%clk 1:31:16]} Nc6
{[%clk 1:31:20]} 3. Nc3 {[%clk 1:31:30]} Nf6 {[%clk 1:31:41]} 4. d4
{[%clk 1:31:50]} exd4 {[%clk 1:31:28]} 5. Nxd4 {[%clk 1:31:59]} Nxd4
{[%clk 1:31:47]} 6. Qxd4 {[%clk 1:32:19]} Bd6 {[%clk 1:29:21]} 7. e5
{[%clk 1:32:35]} Be7 {[%clk 1:28:23]} 8. exf6 {[%clk 1:32:46]} Bxf6
{[%clk 1:28:37]} 9. Qe3+ {[%clk 1:31:22]} Be7 {[%clk 1:28:56]} 10. Bd3
{[%clk 1:31:40]} O-O {[%clk 1:29:04]} 11. O-O {[%clk 1:32:04]} Bd6
{[%clk 1:29:14]} 12. Qe2 {[%clk 1:31:21]} Qh4 {[%clk 1:28:55]} 13. h3
{[%clk 1:31:34]} b6 {[%clk 1:26:15]} 14. Ne4 {[%clk 1:31:42]} Re8
{[%clk 1:25:27]} 15. Bg5 {[%clk 1:31:58]} Rxe4 {[%clk 1:23:34]} 16. Bxh4 Rxe2
{[%clk 1:23:53]} 17. Bxe2 {[%clk 1:32:25]} Bb7 {[%clk 1:23:34]} 18. Bg4
{[%clk 1:31:32]} Bc6 {[%clk 1:23:36]} 19. Rfe1 {[%clk 1:31:23]} h6
{[%clk 1:22:02]} 20. Be7 {[%clk 1:31:44]} Bf4 {[%clk 1:16:29]} 21. Rad1
{[%clk 1:31:42]} Ba4 {[%clk 1:08:33]} 22. b3 {[%clk 1:31:39]} Bb5
{[%clk 1:08:33]} 23. Bxd7 {[%clk 1:31:48]} Bxd7 {[%clk 1:08:11]} 24. Rxd7
{[%clk 1:32:06]} Kh7 {[%clk 1:07:58]} 25. Rd8 {[%clk 1:31:55]} Rxd8
{[%clk 1:08:03]} 26. Bxd8 {[%clk 1:32:10]} g5 {[%clk 1:07:58]} 27. Re7
{[%clk 1:32:22]} Kg6 {[%clk 1:07:44]} 28. Bxc7 {[%clk 1:32:36]} Bd2
{[%clk 1:05:41]} 29. Bd8 {[%clk 1:32:41]} f5 {[%clk 1:05:27]} 30. Rxa7
{[%clk 1:32:47]} f4 {[%clk 1:05:12]} 31. Bxb6 {[%clk 1:33:06]} Kh5
{[%clk 1:04:55]} 32. c4 {[%clk 1:33:19]} g4 {[%clk 1:05:06]} 33. hxg4+
{[%clk 1:33:37]} Kxg4 {[%clk 1:05:24]} 34. c5 {[%clk 1:33:54]} f3
{[%clk 1:05:06]} 35. c6 {[%clk 1:34:11]} fxg2 {[%clk 1:05:27]} 36. Kxg2
{[%clk 1:34:32]} h5 {[%clk 1:05:39]} 37. c7 {[%clk 1:34:52]} Bf4 {[%clk 1:05:38]}
38. c8=Q+ {[%clk 1:34:03]} Kg5 {[%clk 1:06:08]} 39. Rg7+ {[%clk 1:34:10]} Kh4
{[%clk 1:06:06]} 40. Qh3# 1-0

[Event "SK Lehrte-TuS Makkabi Rostock"]
[Site "Kiel"]
[Date "2019.09.13"]
[Round "4.1"]
[White "Koepnick, Amanda"]
[Black "Margaryan, Venera"]
[Result "0-1"]
[WhiteElo "1019"]
[BlackElo "1293"]
[Annotator "Rnd./Pair./Board: 04.004.01"]
[PlyCount "94"]
[EventDate "2019.??.??"]
[WhiteTeam "TuS Makkabi Rostock"]
[BlackTeam "SK Lehrte"]

1. e4 c6 2. Bc4 d5 3. exd5 cxd5 4. Bb5+ Bd7 5. Bxd7+ Nxd7 6. Nf3 e6 7. O-O Bd6
8. Nc3 Ngf6 9. Nb5 Qb6 10. Nxd6+ Qxd6 11. d4 O-O 12. Qe2 Ne4 13. c4 Rfe8 14. c5
Qc7 15. b4 b6 16. a4 bxc5 17. bxc5 Qc6 18. Qe3 Rab8 19. Kh1 Rb4 20. a5 Reb8 21.
Ra3 Qa6 22. Re1 R8b5 23. Bd2 Nxd2 24. Qxd2 Rb2 25. Qe3 Rxa5 26. Rxa5 Qxa5 27.
c6 Nf6 28. h3 Ne4 29. Kg1 Qc7 30. Rf1 Qxc6 31. Rc1 Qb7 32. Qa3 Rxf2 33. Qb3 Qa8
34. Rb1 h6 35. Rc1 Qd8 36. Qb7 Qf6 37. Qxa7 Qg6 38. Qb8+ Kh7 39. Nh4 Qf6 40.
Nf3 Qg6 41. Nh4 Qg5 42. Qb3 Qxc1+ 43. Kh2 Qf4+ 44. Qg3 Qxg3+ 45. Kg1 Qxh4 46.
Kh1 Rf1+ 47. Kh2 Qg3# 0-1

[Event "SK Lehrte-TuS Makkabi Rostock"]
[Site "Kiel"]
[Date "2019.09.13"]
[Round "4.2"]
[White "Daoud, Shahnaz"]
[Black "Janssen, Julika"]
[Result "0-1"]
[WhiteElo "1127"]
[BlackElo "794"]
[Annotator "Rnd./Pair./Board: 04.004.02"]
[PlyCount "60"]
[EventDate "2019.??.??"]
[WhiteTeam "SK Lehrte"]
[BlackTeam "TuS Makkabi Rostock"]

1. d4 d5 2. e3 Nc6 3. c3 Bf5 4. Nf3 Nf6 5. Ne5 e6 6. g4 Be4 7. f3 Bxb1 8. Rxb1
Nd7 9. f4 Qh4+ 10. Kd2 Bd6 11. Bd3 Rb8 12. Kc2 Bxe5 13. fxe5 b5 14. b4 h5 15.
gxh5 Rxh5 16. Be2 Rg5 17. Kb3 Qe4 18. Bd3 Qh4 19. Rb2 Rb6 20. Rg1 a5 21. Rbg2
Rh5 22. Rxg7 Qxh2 23. Qf1 Nd8 24. bxa5 Ra6 25. Bxb5 Rxa5 26. Rg8+ Ke7 27. Ba3+
c5 28. Bxc5+ Nxc5+ 29. dxc5 Qxa2+ 30. Kb4 Qa3# 0-1

[Event "SK Lehrte-TuS Makkabi Rostock"]
[Site "Kiel"]
[Date "2019.09.13"]
[Round "4.3"]
[White "Pommerehnke, Marla"]
[Black "Thiele, Lea-Marie"]
[Result "1-0"]
[WhiteElo "906"]
[BlackElo "1066"]
[Annotator "Rnd./Pair./Board: 04.004.03"]
[PlyCount "61"]
[EventDate "2019.??.??"]
[WhiteTeam "TuS Makkabi Rostock"]
[BlackTeam "SK Lehrte"]

1. e4 e6 2. Nf3 d5 3. e5 c5 4. Nc3 Nc6 5. d3 Qb6 6. g3 f6 7. exf6 Nxf6 8. Bg2
Bd6 9. O-O e5 10. Bg5 O-O 11. Bxf6 Rxf6 12. Nxd5 Qxb2 13. Nxf6+ gxf6 14. Nh4
Nd4 15. Bd5+ Kf8 16. Rc1 Bh3 17. Re1 Ke7 18. Rb1 Qxc2 19. Qxc2 Nxc2 20. Rxb7+
Kd8 21. Rc1 Nb4 22. Be4 Nxa2 23. Ra1 Nb4 24. Raxa7 Rc8 25. Rxh7 Bf8 26. Rh8 Bd7
27. Rxf8+ Ke7 28. Rxc8 Kd6 29. Rd8 Ke7 30. Rdxd7+ Ke6 31. Re7+ 1-0

[Event "SK Lehrte-TuS Makkabi Rostock"]
[Site "Kiel"]
[Date "2019.09.13"]
[Round "4.4"]
[White "Stelter, Finja"]
[Black "Urban, Mila"]
[Result "1-0"]
[WhiteElo "929"]
[BlackElo "787"]
[Annotator "Rnd./Pair./Board: 04.004.04"]
[PlyCount "75"]
[EventDate "2019.??.??"]
[WhiteTeam "SK Lehrte"]
[BlackTeam "TuS Makkabi Rostock"]

1. e4 e5 2. Nf3 Nc6 3. Bc4 Nf6 4. d3 h6 5. Nc3 d6 6. h3 Be7 7. Be3 O-O 8. g4
Nd7 9. Qd2 Nb6 10. g5 h5 11. g6 Be6 12. Bb3 fxg6 13. Bxe6+ Kh8 14. Ng5 Qe8 15.
Bxb6 cxb6 16. Nd5 Bd8 17. b4 Nd4 18. Qd1 Nxe6 19. Nxe6 Qxe6 20. h4 Qf7 21. Rh2
Bxh4 22. Qd2 Bg3 23. Rg2 Bh4 24. Kf1 g5 25. Re1 g4 26. Kg1 Rae8 27. Rf1 Re6 28.
c4 g3 29. Qe2 Rg6 30. fxg3 Bxg3 31. Rxf7 Rxf7 32. Qxh5+ Kg8 33. Qxg6 Kf8 34.
Qxd6+ Ke8 35. Rxg3 Rd7 36. Qxe5+ Kd8 37. Rxg7 a5 38. Rg8# 1-0

[Event "SV Ruedersdorf-Elmshorner SC"]
[Site "Kiel"]
[Date "2019.09.13"]
[Round "4.1"]
[White "Braeutigam, Katerina"]
[Black "Heuberger, Sandra"]
[Result "1-0"]
[WhiteElo "1757"]
[BlackElo "1142"]
[Annotator "Rnd./Pair./Board: 04.005.01"]
[PlyCount "69"]
[EventDate "2019.??.??"]
[WhiteTeam "Elmshorner SC"]
[BlackTeam "SV Ruedersdorf"]

1. c4 e5 2. g3 d6 3. Bg2 g6 4. Nc3 Bg7 5. e3 Ne7 6. Nge2 O-O 7. O-O c6 8. d4
Be6 9. d5 cxd5 10. Nxd5 Nbc6 11. Rb1 Rb8 12. b3 b5 13. cxb5 Rxb5 14. Nec3 Rb8
15. Ba3 Qd7 16. Nxe7+ Nxe7 17. Qxd6 Rfe8 18. Rfd1 Qxd6 19. Bxd6 Rbd8 20. Nb5
Bf5 21. e4 Bd7 22. Nc7 Bf8 23. Nxe8 Bxe8 24. Bxe5 Rxd1+ 25. Rxd1 Bb5 26. Rc1
Nc6 27. Bf6 Nb4 28. Rc8 Ba6 29. Re8 Bb5 30. Rb8 Bc6 31. Be7 Kg7 32. Bxf8+ Kf6
33. Rd8 Ke5 34. f4+ Kf6 35. Rd6# 1-0

[Event "SV Ruedersdorf-Elmshorner SC"]
[Site "Kiel"]
[Date "2019.09.13"]
[Round "4.2"]
[White "Kostova, Viktoria"]
[Black "Margaryan, Susanna"]
[Result "0-1"]
[WhiteElo "974"]
[BlackElo "1231"]
[Annotator "Rnd./Pair./Board: 04.005.02"]
[PlyCount "24"]
[EventDate "2019.??.??"]
[WhiteTeam "SV Ruedersdorf"]
[BlackTeam "Elmshorner SC"]

1. e4 d5 2. exd5 Qxd5 3. Nc3 Qa5 4. d4 c6 5. Bd2 Bf5 6. Ne4 Qd8 7. Qe2 Qxd4 8.
Nc3 Nf6 9. Nf3 Qd8 10. Qc4 Nbd7 11. Bf4 Nb6 12. Qe2 e6 {Fide-Regeln schließen
den Zug 0-0-0 leider aus. Nicht rekonstruierbar} 0-1

[Event "SV Ruedersdorf-Elmshorner SC"]
[Site "Kiel"]
[Date "2019.09.13"]
[Round "4.3"]
[White "Neitzel, Emma"]
[Black "Wennin, Elisabeth"]
[Result "1/2-1/2"]
[WhiteElo "803"]
[BlackElo "889"]
[Annotator "Rnd./Pair./Board: 04.005.03"]
[PlyCount "145"]
[EventDate "2019.??.??"]
[WhiteTeam "Elmshorner SC"]
[BlackTeam "SV Ruedersdorf"]

1. d4 d5 2. c4 dxc4 3. Qa4+ Bd7 4. Qxc4 Nc6 5. e3 Nf6 6. Nc3 e6 7. Nf3 Bd6 8.
Bd3 O-O 9. e4 e5 10. O-O exd4 11. Nxd4 Nxd4 12. Qxd4 h6 13. e5 Bxe5 14. Qxe5
Re8 15. Qg3 Nh5 16. Qf3 Nf6 17. Bf4 Bc6 18. Qh3 Nd5 19. Nxd5 Bxd5 20. Qg3 Rc8
21. Bxh6 Qf6 22. Bg5 Qd4 23. Rad1 Qe5 24. Qxe5 Rxe5 25. Bf4 Ree8 26. Bh7+ Kxh7
27. Rxd5 c6 28. Rh5+ Kg8 29. h4 Rcd8 30. Kh2 b5 31. Rc1 Re6 32. g4 Rd4 33. Be5
Rd2 34. Kg3 Rd3+ 35. Kg2 f6 36. Bc3 Kf7 37. Re1 Rdd6 38. Rf5 Rd7 39. g5 Red6
40. h5 g6 41. Rxf6+ Rxf6 42. Bxf6 a5 43. hxg6+ Kxg6 44. Re6 a4 45. Bh8+ Kxg5
46. Rxc6 Kf5 47. Rb6 Rd5 48. b3 axb3 49. axb3 Ke4 50. f3+ Ke3 51. Re6+ Kd3 52.
f4 Kc2 53. Re3 Rd2+ 54. Kf3 Rd1 55. Rc3+ Kd2 56. Rc5 Rf1+ 57. Ke4 Re1+ 58. Kf5
b4 59. Rd5+ Kc2 60. Kg5 Kxb3 61. Rd3+ Kc2 62. Rd4 b3 63. f5 b2 64. Rc4+ Kb3 65.
Rc3+ Ka2 66. Rc2 Rg1+ 67. Kf6 Rc1 68. Rxb2+ Kxb2 69. Ke7+ Kb3 70. f6 Rc7+ 71.
Ke8 Rc6 72. Kd7 Rxf6 73. Bxf6 1/2-1/2

[Event "SV Ruedersdorf-Elmshorner SC"]
[Site "Kiel"]
[Date "2019.09.13"]
[Round "4.4"]
[White "Dewitz, Leila"]
[Black "Margaryan, Sofia"]
[Result "1-0"]
[WhiteElo "940"]
[BlackElo "800"]
[Annotator "Rnd./Pair./Board: 04.005.04"]
[PlyCount "69"]
[EventDate "2019.??.??"]
[WhiteTeam "SV Ruedersdorf"]
[BlackTeam "Elmshorner SC"]

1. e4 e5 2. Nf3 Nc6 3. Bc4 Bc5 4. c3 d6 5. d4 exd4 6. cxd4 Nxd4 7. Nxd4 Bxd4 8.
Qxd4 Ne7 9. Be3 Be6 10. Bxe6 fxe6 11. O-O e5 12. Qd2 Qd7 13. Nc3 Qg4 14. Nd5
Nxd5 15. Qxd5 c6 16. Qxd6 Qd7 17. Qxe5+ Qe7 18. Qd4 b6 19. f3 c5 20. Qd2 Rd8
21. Qc1 Rc8 22. Bg5 Qd7 23. Qc3 Rg8 24. Qe5+ Kf7 25. Rad1 Qe6 26. Qf4+ Ke8 27.
Rd6 Qf7 28. Qe5+ Kf8 29. Rfd1 Qe8 30. Rd8 Rxd8 31. Rxd8 Qxd8 32. Bxd8 Kf7 33.
Qd5+ Kf8 34. Qd7 g6 35. Qe7# 1-0